书目信息 |
| 题名: |
大学计算机基础教程
|
|
| 作者: | 柴欣 , 史巧硕 主编 | |
| 分册: | ||
| 出版信息: | 北京 中国铁道出版社有限公司 2019 |
|
| 页数: | 263页 | |
| 开本: | 30cm | |
| 丛书名: | ||
| 单 册: | ||
| 中图分类: | TP3 | |
| 科图分类: | ||
| 主题词: | 电子计算机--高等学校--教材 | |
| 电子资源: | ||
| ISBN: | 978-7-113-25908-2 | |
| 000 | 01105nam0 2200253 45 | |
| 001 | 012001003128 | |
| 005 | 20191204104242.29 | |
| 010 | @a978-7-113-25908-2@dCNY49.80 | |
| 100 | @a20190621d2019 em y0chiy0110 ea | |
| 101 | 0 | @achi |
| 102 | @aCN@b110000 | |
| 105 | @ay z 000yy | |
| 106 | @ar | |
| 200 | 1 | @a大学计算机基础教程@Ada xue ji suan ji ji chu jiao cheng@f柴欣,史巧硕主编 |
| 205 | @a8版 | |
| 210 | @a北京@c中国铁道出版社有限公司@d2019 | |
| 215 | @a263页@d30cm | |
| 330 | @a本书是“大学计算机基础”课程的教材。全书共分10章,系统介绍了计算机基础知识、计算机系统、操作系统及其应用、文字处理软件Word 2010、电子表格处理软件Excel 2010、演示文稿制作软件PowerPoint 2010、计算机网络基础、因特网技术与应用、多媒体技术的应用、信息安全与计算机病毒的防范等内容。本书加强基础知识的介绍,注重实践,在内容讲解上采用循序渐进、逐步深入的方法,突出重点,注意将难点分开讲解,使读者易学易懂。 | |
| 606 | 0 | @a电子计算机@x高等学校@j教材 |
| 690 | @aTP3@v5 | |
| 701 | 0 | @a柴欣@Achai xin@4主编 |
| 701 | 0 | @a史巧硕@Ashi qiao shuo@4主编 |
| 801 | 0 | @aCN@b北京卓展@c20191020 |
| 905 | @b1210487-90@dTP3@e1008=8@f4 | |
| 大学计算机基础教程/柴欣,史巧硕主编.-8版.-北京:中国铁道出版社有限公司,2019 |
| 263页;30cm |
| ISBN 978-7-113-25908-2:CNY49.80 |
| 本书是“大学计算机基础”课程的教材。全书共分10章,系统介绍了计算机基础知识、计算机系统、操作系统及其应用、文字处理软件Word 2010、电子表格处理软件Excel 2010、演示文稿制作软件PowerPoint 2010、计算机网络基础、因特网技术与应用、多媒体技术的应用、信息安全与计算机病毒的防范等内容。本书加强基础知识的介绍,注重实践,在内容讲解上采用循序渐进、逐步深入的方法,突出重点,注意将难点分开讲解,使读者易学易懂。 |
| ● |
| 相关链接 |
|
|
|
|
正题名:大学计算机基础教程
索取号:TP3/1008=8
 
预约/预借
| 序号 | 登录号 | 条形码 | 馆藏地/架位号 | 状态 | 备注 |
| 1 | 1210487 | 212104872 | 第二样本阅览室/ [索取号:TP3/1008=8] | 在馆 | |
| 2 | 1210488 | 212104881 | 第三借阅区/ [索取号:TP3/1008=8] | 在馆 | |
| 3 | 1210489 | 212104890 | 第三借阅区/ [索取号:TP3/1008=8] | 在馆 | |
| 4 | 1210490 | 212104907 | 第三借阅区/ [索取号:TP3/1008=8] | 在馆 |